Il quarto uomo /

Saved in:
Bibliographic Details
Other Authors: Reve, Gerard Kornelis : van het, Verhoeven, Paul, Krabb, Jeroen, Soutendik, Renée, Soeteman, Gerard, Dikker, Loek
Format: Slide
Language:Italian
Published: [Italia] : Playtime, 1987
Tags: Add Tag
No Tags, Be the first to tag this record!

MARC

LEADER 00000ngm a22000007i 4500
001 IT\ICCU\UBO\1849740
003 ItRI
005 20260124182841.0
008 021009s1987 it |||||||||||||||k|||||c
040 |b ita 
041 7 |a ita  |2 ISO-639-2 
245 0 3 |a Il quarto uomo /  |c diretto da Paul Verhoeven ; sceneggiatura di Gerard Soeteman, da un romanzo di Gerard Reve ; musiche di Loek Dikker. 
260 |a [Italia] :  |b Playtime,  |c 1987 
300 |a 1 videocassetta (VHS) (ca. 98 min.) :  |b color., son 
500 |a Interpreti: Jeroen Krabb, Renée Soutendik 
500 |a Descrizione basata sul contenitore 
500 |a Produzione: Olanda, 1983. 
700 1 |a Reve, Gerard Kornelis : van het  |0 IT\ICCU\PUVV\247535 
700 1 |a Verhoeven, Paul  |0 IT\ICCU\REAV\095997 
700 1 |a Krabb, Jeroen  |0 IT\ICCU\UBOV\696419 
700 1 |a Soutendik, Renée  |0 IT\ICCU\UBOV\696420 
700 1 |a Soeteman, Gerard  |0 IT\ICCU\UBOV\696421 
700 1 |a Dikker, Loek  |0 IT\ICCU\UBOV\696422 
790 1 |a Reve, Gerard  |3 IT\ICCU\IEIV\145767  |z Reve, Gerard Kornelis : van het 
942 |2 ddc  |c VM  |n 0 
952 |0 0  |1 0  |4 0  |6 VO_19_000000000000000  |7 0  |9 26961  |a BO  |b BO  |d 2026-01-24  |i 6153  |l 0  |o VO 19  |p BO6153  |r 2026-01-24 18:28:41  |w 2026-01-24  |x [Sebina 5] [1 videocassetta]  |y VM  |z 1 videocassetta 
952 |0 0  |1 0  |4 0  |6 VO_1014_000000000000000  |7 0  |9 26962  |a BO  |b BO  |d 2026-01-24  |i 8236  |l 0  |o VO 1014  |p BO8236  |r 2026-01-24 18:28:41  |w 2026-01-24  |x [Sebina 5] [1 videocassetta]  |y VM  |z 1 videocassetta 
999 |c 22810  |d 22810